| 000 | 00636nam a22001817a 4500 | ||
|---|---|---|---|
| 005 | 20231005134019.0 | ||
| 020 |
_a9789395073066 _c199.00 |
||
| 082 |
_aS _2First |
||
| 100 |
_aBond, Ruskin _957691 |
||
| 245 |
_aTales From My Heart/ _cby Ruskin Bond and Illustrated by Sumouli Dutta |
||
| 250 | _aFirst | ||
| 260 |
_aChennai _bWestland Books _c2021 |
||
| 270 |
_aNo. 269/2B, First, Floor, Irai Arul Vimalraj Street, Netaji Nagar, Allappakkam Main Road, Maduravoyal _bChennai _e600095 |
||
| 300 |
_a112p. _b18cm(pbk) |
||
| 700 |
_aDutta, Sumouli _957678 |
||
| 942 |
_2ddc _cEN _hS _mBON |
||
| 999 |
_c198702 _d198702 |
||